LDR 01332naa#a2200193#i#450# 001 RU\\bibl\124373 005 20260606233511.6 011 ## _a2073-1574 100 ## _a20260529b2026####ek#y0rusy0150####ca 102 ## _aRU 200 1# _aК вопросу об обеспечении безопасности использования плавающей шланголинии для погрузки нефти в танкеры конвенционным способом в условиях замерзающей акватории _eЖурнальная статья 210 1# _aАстрахань _cАстраханский государственный технический университет _d2026 215 ## _a7 с. 608 ## _aЖурнальная статья _2local 675 ## _aСпециализированные плавучие средства для внутрипортовых работ, для осуществления грузовых операций, для судоремонтных работ. 629.565 _aМорской лед. Пак. Дрейфующий лед. Ледяные поля. 551.326.7 _z 700 #1 _aГлушков _gСергей Витальевич 700 #1 _aМонинец _gСергей Юрьевич 700 #1 _aКолбек _gСергей Сергеевич 856 4# _avestnik.astu.org _u